01414nam a22003614a 4500001001200000003000800012006001900020007001500039008004100054010001700095020001500112020002200127040002100149035002100170050002300191082001800214245014100232260003400373300001700407504006600424533015200490650004400642650003200686650002500718650003200743650004000775655002900815700002700844700002100871710001700892856012600909999001701035ebr10224920CaPaEBRm u cr cn|||||||||020522s2002 nyu sb 001 0 eng  z 2002071646 z0826460356 z0826460364 (pbk.) aCaPaEBRcCaPaEBR a(OCoLC)22938364114aHM851b.L58 2002eb04a303.48/3422100aLiving with cyberspaceh[electronic resource] :btechnology & society in the 21st century /cedited by John Armitage and Joanne Roberts. aNew York :bContinuum,c2002. aviii, 203 p. aIncludes bibliographical references (p. [191]-195) and index. aElectronic reproduction.bPalo Alto, Calif. :cebrary,d2013.nAvailable via World Wide Web.nAccess may be limited to ebrary affiliated libraries. 0aInformation technologyxSocial aspects. 0aCyberspacexSocial aspects. 0aInformation society. 0aComputers and civilization. 0aCivilization, Moderny21st century. 7aElectronic books.2local1 aArmitage, John,d1956-1 aRoberts, Joanne.2 aebrary, Inc.40uhttp://site.ebrary.com/lib/rucke/Doc?id=10224920zAn electronic book accessible through the World Wide Web; click to view c26669d26669